Les joueurs de l'OM en 2025 - Statistiques

Statistiques générales
  • Ce quiz a été pris 211 fois
  • Le résultat moyen est 7 sur 11
Statistiques - réponses
Poste Joueur % Correct
Gardien de But Rulli
94%
Défenseur Balerdi
92%
Milieu de terrain Rabiot
91%
Attaquant Greenwood
90%
Attaquant Gouiri
76%
Défenseur Murillo
73%
Défenseur Cornelius
62%
Milieu de terrain Bennacer
60%
Attaquant Luis Henrique
50%
Milieu de terrain Hojbjerg
47%
Défenseur Luiz Felipe Ramos
2%
Aucun quiz correspondant
Distribution des résultats
% des personnes avec chaque résultat
Percentile par nombre de réponses
Votre historique - résultats
Vous n’avez pas pris ce quiz